书目信息 |
| 题名: |
生活口语100天
|
|
| 作者: | 杨莉 主编 | |
| 分册: | ||
| 出版信息: | 厦门 鹭江出版社 2003.04 |
|
| 页数: | 242页 | |
| 开本: | 20cm | |
| 丛书名: | HOT-DAY100天天向上系列 | |
| 单 册: | ||
| 中图分类: | H319.9 | |
| 科图分类: | ||
| 主题词: | 英语 | |
| 电子资源: | ||
| ISBN: | 7-80671-173-2 | |
| 000 | 00600nam0 2200217 450 | |
| 001 | 0736712878 | |
| 005 | 20070312101328.01 | |
| 010 | @a7-80671-173-2@dCNY28.00 | |
| 100 | @a20070312d2003 km y0chiy0120 ea | |
| 101 | 0 | @achi |
| 102 | @aCN | |
| 200 | 1 | @a生活口语100天@Asheng huo kou yu 100 tian@f杨莉主编@Fyang li zhu bian |
| 210 | @a厦门@c鹭江出版社@d2003.04 | |
| 215 | @a242页@d20cm | |
| 225 | 2 | @aHOT-DAY100天天向上系列 |
| 410 | 0 | @12001 @aHOT-DAY100天天向上系列 |
| 606 | 0 | @a英语 |
| 690 | @aH319.9@v3 | |
| 701 | 0 | @a杨莉@Ayang li@4主编 |
| 801 | 0 | @aCN@c20070312 |
| 905 | @a10447@dH319.9@eY2233 | |
| 生活口语100天/杨莉主编.-厦门:鹭江出版社,2003.04 |
| 242页;20cm.-(HOT-DAY100天天向上系列) |
| ISBN 7-80671-173-2:CNY28.00 |
| ● |
| 相关链接 |
|
|
|
正题名:生活口语100天
索取号:H319.9/Y2233
 
预约/预借
| 序号 | 登录号 | 条形码 | 馆藏地/架位号 | 状态 | 备注 |
| 1 | 445378 | 204453787 | 语言库209/209语言库 111排1列5层/ [索取号:H319.9/Y2233] | 在馆 | |
| 2 | 445379 | 204453796 | 语言库209/209语言库 111排1列5层/ [索取号:H319.9/Y2233] | 在馆 | |
| 3 | 445380 | 204453803 | 语言库209/209语言库 111排1列5层/ [索取号:H319.9/Y2233] | 在馆 |